Cronicas de "CNT" (Record no. 6424)

MARC details
000 -LEADER
campo de control de longitud fija 00893nam a2200253 i 4500
001 - NÚMERO DE CONTROL
campo de control 6424
003 - IDENTIFICADOR DE NÚMERO DE CONTROL
campo de control ES-MaACL
005 - FECHA Y HORA DE LA ÚLTIMA TRANSACCIÓN
campo de control 20251108111232.0
007 - CAMPO FIJO DE DESCRIPCIÓN FÍSICA--INFORMACIÓN GENERAL
campo de control de longitud fija t|
008 - DATOS DE LONGITUD FIJA--INFORMACIÓN GENERAL
campo de control de longitud fija 891121s1974 sp ||||1| spa d
080 ## - NÚMERO DE LA CLASIFICACIÓN DECIMAL UNIVERSAL
Número de la Clasificación Decimal Universal 329(46)28"1960/1961" CNT
100 1# - ENTRADA PRINCIPAL--NOMBRE DE PERSONA
Nombre de persona Montseny, Federica,
Fechas asociadas al nombre 1905-1994
9 (RLIN) 240807
245 10 - MENCIÓN DEL TÍTULO
Título Cronicas de "CNT"
Resto del título : (1960-1961) /
Mención de responsabilidad, etc. Federica Montseny ; seleccion e introduccion de M. Celma.
260 ## - PUBLICACIÓN, DISTRIBUCIÓN, ETC.
Lugar de publicación, distribución, etc. [S.l. :
Nombre del editor, distribuidor, etc. s.n.],
Fecha de publicación, distribución, etc. 1974 (
Lugar de fabricación/manufactura Choisy-Le-Roi [Francia] :
Fabricante Imprimerie des Gondoles)
300 ## - DESCRIPCIÓN FÍSICA
Extensión 183 p. ;
Dimensiones 19 cm.
490 1# - MENCIÓN DE SERIE
Mención de serie Letras Confederales
610 24 - PUNTO DE ACCESO ADICIONAL DE MATERIA--NOMBRE DE ENTIDAD CORPORATIVA
Nombre de entidad corporativa o nombre de jurisdicción como elemento de entrada Confederación Nacional del Trabajo (España)
9 (RLIN) 3165
700 1# - ENTRADA AGREGADA--NOMBRE PERSONAL
Nombre de persona Celma, M.,
9 (RLIN) 227809
830 0# - PUNTO DE ACCESO ADICIONAL DE SERIE-TÍTULO UNIFORME
Título uniforme Letras Confederales
9 (RLIN) 227810
852 ## - LOCALIZACIÓN
Ubicación ES-MaACL
Número de control de estantería L-13648
Sublocalización o colección R.112977
942 ## - ELEMENTOS DE ENTRADA SECUNDARIOS (KOHA)
Fuente del sistema de clasificación o colocación Clasificación decimal universal
Tipo de ítem Koha Libro impreso
Suprimir en OPAC No
Holdings
Estatus retirado Estado de pérdida Estado de daño No para préstamo Biblioteca de origen Biblioteca actual Ubicación en estantería Fecha de adquisición Fuente de adquisición Total de préstamos Signatura topográfica completa Código de barras Visto por última vez Precio de reemplazo Tipo de ítem Koha
        Biblioteca del Ateneo de Madrid Biblioteca del Ateneo de Madrid Depósito 2 17/01/2008     L-13648 1006543 23/02/2023 23/02/2023 Libro impreso